Foundations of astronomy (Record no. 18411)
[ view plain ]
| 000 -LEADER | |
|---|---|
| fixed length control field | 00624nam a2200229Ia 4500 |
| 003 - CONTROL NUMBER IDENTIFIER | |
| control field | IN-BaIIA |
| 008 - FIXED-LENGTH DATA ELEMENTS--GENERAL INFORMATION | |
| fixed length control field | 211028s9999 xx 000 0 eng d |
| 020 ## - INTERNATIONAL STANDARD BOOK NUMBER | |
| International Standard Book Number | 978-1-133-11023-1 |
| 040 ## - CATALOGING SOURCE | |
| Transcribing agency | IIA Library |
| 080 ## - UNIVERSAL DECIMAL CLASSIFICATION NUMBER | |
| Universal Decimal Classification number | 52 |
| Item number | SEE |
| 100 ## - MAIN ENTRY--PERSONAL NAME | |
| Personal name | Seeds, Micheal A |
| 9 (RLIN) | 35343 |
| 245 #0 - TITLE STATEMENT | |
| Title | Foundations of astronomy |
| Statement of responsibility, etc. | Micheal A. Seeds and Dana E. Backman |
| 250 ## - EDITION STATEMENT | |
| Edition statement | 12th ed. |
| 260 ## - PUBLICATION, DISTRIBUTION, ETC. | |
| Place of publication, distribution, etc. | Australia |
| Name of publisher, distributor, etc. | Brooks-Cole |
| Date of publication, distribution, etc. | 2013 |
| 300 ## - PHYSICAL DESCRIPTION | |
| Extent | xiii, 658p. |
| 650 ## - SUBJECT ADDED ENTRY--TOPICAL TERM | |
| Topical term or geographic name entry element | Astronomy |
| 9 (RLIN) | 80 |
| 650 ## - SUBJECT ADDED ENTRY--TOPICAL TERM | |
| Topical term or geographic name entry element | Life |
| 9 (RLIN) | 20304 |
| 650 ## - SUBJECT ADDED ENTRY--TOPICAL TERM | |
| Topical term or geographic name entry element | Sky |
| 9 (RLIN) | 2307 |
| 650 ## - SUBJECT ADDED ENTRY--TOPICAL TERM | |
| Topical term or geographic name entry element | The Universe |
| 700 ## - ADDED ENTRY--PERSONAL NAME | |
| Personal name | Micheal A. Seeds and Dana E. Backman |
| 9 (RLIN) | 35344 |
| 942 ## - ADDED ENTRY ELEMENTS (KOHA) | |
| Koha item type | Books |
| Withdrawn status | Lost status | Damaged status | Not for loan | Home library | Current library | Shelving location | Date acquired | Source of acquisition | Cost, normal purchase price | Total Checkouts | Total Renewals | Full call number | Barcode | Date last seen | Date last checked out | Cost, replacement price | Price effective from | Koha item type | Purchase Price |
|---|---|---|---|---|---|---|---|---|---|---|---|---|---|---|---|---|---|---|---|
| IIA Library-Bangalore | IIA Library-Bangalore | General Stacks | 12/10/2012 | INT | 4064.41 | 2 | 1 | 52/ SEE | 19333 | 19/05/2023 | 19/05/2023 | 4064.41 | 12/10/2012 | Books | Rs. 4064.41 |